LIBRARY & INFORMATION CENTRE, KCAET, TAVANUR

ONLINE PUBLIC ACCESS CATALOGUE (OPAC)

Basic Concepts In Statistics (Record no. 17411)

MARC details
000 -LEADER
fixed length control field 00438nam a22001697a 4500
003 - CONTROL NUMBER IDENTIFIER
control field OSt
008 - FIXED-LENGTH DATA ELEMENTS--GENERAL INFORMATION
fixed length control field 210913b ||||| |||| 00| 0 eng d
020 ## - INTERNATIONAL STANDARD BOOK NUMBER
ISBN 9789390175369
082 ## - DEWEY DECIMAL CLASSIFICATION NUMBER
Classification number 519.5
Item number KUS/BA
100 ## - MAIN ENTRY--AUTHOR NAME
Personal name Kushwaha,K S
100 ## - MAIN ENTRY--AUTHOR NAME
Personal name Rajesh kumar
245 ## - TITLE STATEMENT
Title Basic Concepts In Statistics
260 ## - PUBLICATION, DISTRIBUTION, ETC. (IMPRINT)
Place of publication New Delhi
Name of publisher New India Publishing Agency
Year of publication 2021
300 ## - PHYSICAL DESCRIPTION
Number of Pages 194 Pages
650 ## - SUBJECT ADDED ENTRY--TOPICAL TERM
Topical Term Statistics
942 ## - ADDED ENTRY ELEMENTS (KOHA)
Koha item type Books
Holdings
Withdrawn status Lost status Damaged status Home library Current library Shelving location Date acquired Cost, normal purchase price Full call number Accession Number Koha item type
      KAUAET KAUAET NAHEP-CAAST Project 07/09/2021 395.00 519.5 KUS/BA 26001 Books
      KAUAET KAUAET NAHEP-CAAST Project 07/09/2021 395.00 519.5 KUS/BA 26002 Books
free website counter